60 marques de voiture - Statistiques

Statistiques générales
  • Ce quiz a été pris 546 fois
    524 depuis la dernière actualisation
  • Le résultat moyen est 31 sur 60
Statistiques - réponses
Par images Réponse % Correct
Tesla
94%
Bentley
83%
Mini
83%
Ferrari
81%
Peugeot
81%
Volkswagen
80%
Mercedes
79%
Volvo
79%
Opel
78%
Alfa Romeo
77%
Honda
77%
Seat
77%
Toyota
77%
BMW
76%
Rolls Royce
76%
Bugatti
75%
Hyundai
75%
Renault
75%
Mazda
74%
Porsche
74%
Ford
73%
Jeep
72%
Mclaren
72%
Lamborghini
71%
Mitsubishi
69%
Smart
69%
Dodge
68%
Subaru
68%
Dacia
64%
Land Rover
64%
Lexus
64%
Maserati
63%
Fiat
60%
Hummer
60%
Škoda
60%
DMC
52%
Suzuki
52%
Chevrolet
49%
Cadillac
45%
Aston Martin
43%
Kia
41%
Jaguar
34%
Citroën
32%
Lada
32%
Pontiac
31%
Lancia
28%
Tata
24%
Simca
17%
Panhard
13%
GMC
10%
Chrysler
9%
Mercury
7%
Saab
5%
Nissan
3%
Audi
2%
Panther
2%
Triumph
2%
Daimler
1%
Packard
1%
VEB
1%
Aucun quiz correspondant
Distribution des résultats
% des personnes avec chaque résultat
Percentile par nombre de réponses
Votre historique - résultats
Vous n’avez pas pris ce quiz depuis la dernière actualisation